000 00681nam a2200265Ia 4500
005 20260121172944.0
008 008 260114s9999 xx 000 0 eng d
020 _a9789811640599
037 _aEBOOK
040 _aCRL
040 _beng
040 _cCRL
041 _2eng
041 _aeng
084 _qCRL
100 _aRiti Thapar Kapoor, Helen Treichel, Maulin P. Shah
_91094826
245 0 _aBiochar and its Application in Bioremediation
260 _bSpringer
260 _bSpringer
260 _c2021
856 _uhttps://link.springer.com/openurl?genre=book&isbn=978-981-16-4059-9
942 _cEBOOK
999 _c1660568
_d1660568